The myth of the nation and the vision of revolution : the origins of ideological polarisation in the twentieth century /

Bibliographic Details
Main Author: Talmon, J. L. (Jacob Leib), 1916-1980
Format: Book
Language:English
Published: London : Berkeley : Secker & Warburg ; University of California Press, 1981, ©1980.
Subjects:
Online Access:Table of contents

MARC

Tag First Indicator Second Indicator Subfields
LEADER 00000cam a2200000 i 4500
001 in00000086530
005 20231130190320.0
008 801126t19811980enk b 001 0 eng
010 |a  80006167  
015 |a GB8202607  |2 bnb 
016 |a (AMICUS)000001939214 
019 |a 8086706  |a 59238776 
020 |a 0520044495 
020 |a 9780520044494 
020 |a 0436513994  |q (UK) 
020 |a 9780436513992  |q (UK) 
029 1 |a AU@  |b 000001863551 
029 1 |a AU@  |b 000026693439 
029 1 |a DEBSZ  |b 008613206 
029 1 |a GBVCP  |b 014366088 
029 1 |a HEBIS  |b 082154546 
029 1 |a NLC  |b 000001939214 
029 1 |a NZ1  |b 2830663 
029 1 |a NZ1  |b 99346 
029 1 |a UNITY  |b 033147272 
035 |a (OCoLC)ocm07176842  
035 |a (OCoLC)7176842  |z (OCoLC)8086706  |z (OCoLC)59238776 
035 |a (OCoLC)ocm07176842  
040 |a DLC  |b eng  |c DLC  |d OCLCQ  |d BAKER  |d NLGGC  |d BTCTA  |d YDXCP  |d OCLCG  |d AU@  |d UKV3G  |d BDX  |d GBVCP  |d RIC  |d OCLCF  |d OCLCQ  |d DEBSZ  |d UEJ  |d NLC  |d UKUOY  |d ALMSI  |d OCLCQ  |d XFF  |d TYC  |d OCLCQ  |d HLS  |d CCH  |d CPO  |d OCLCQ  |d EUM  |d OCLCQ  |d AQ3  |d OCLCO  |d LUN  |d OCLCO  |d J9U  |d OCLCO 
043 |a e------ 
050 0 0 |a HX550.N3  |b T35 1981 
060 4 |a 100=AACR2 
082 0 0 |a 320.5/32  |2 20 
083 0 0 |a Europe. Nationalism related to  |a socialism, 1848-1940 
084 |a 15.00  |2 bcl 
084 |a 89.50  |2 bcl 
084 |a 89.22  |2 bcl 
084 |a 3,6  |2 ssgn 
100 1 |a Talmon, J. L.  |q (Jacob Leib),  |d 1916-1980. 
245 1 4 |a The myth of the nation and the vision of revolution :  |b the origins of ideological polarisation in the twentieth century /  |c J.L. Talmon. 
260 |a London :  |b Secker & Warburg ;  |a Berkeley :  |b University of California Press,  |c 1981, ©1980. 
300 |a xviii, 632 pages ;  |c 24 cm 
336 |a text  |b txt  |2 rdacontent 
337 |a unmediated  |b n  |2 rdamedia 
338 |a volume  |b nc  |2 rdacarrier 
500 |a Includes index. 
504 |a Includes bibliographical references and index. 
505 0 |a Introduction -- PART I. Marx, Engels and the Nation -- 1. The Chiliastic Period of Marx and Engels -- 2. Europe is Pregnant with Revolution -- 3. The Revolution One and Indivisible -- 4. Polen Scharmerei -- 5. Right and Force in Global Revolutionary Strategy -- 6. The Incomplete Theory -- 7. Conclusions -- PART II. The Emancipation of the Proletariat and the National Destiny-Wilhelmine Germany -- 1. Two Casts of Mind-Rosa Luxemburg and Eduard Bernstein -- 2. Revolutionary Orthodoxy and Reformist Heresy -- 3. The Portia of an Internationalist Revolutionary as a Young Woman -- 4. The Response to a Prophet -- 5. A Polarized Nation-The Second Reich -- 6. The Lesson of 1905 in Russia -- 7. The World Revolution One and Indivisible-In the Age of Imperialism -- 8. Nationalist Separatism or Revolutionary Class Internationalism in Polish Socialism -- PART III. "The Witches' Kitchen" and Its Brew: The Nationalities Problem-Austria -- 1. Austria as the Historic Test Case -- 2. Class or Nation? --3. The Burden of Irrational History versus Modernization -- 4. "A Struggle for Life and Death" -- 5. Democracy Eroded by Nationalism -- 6. The Failure of Socialist Internationalism -- 7. A Socialist Theory of Nationality -- PART IV: The Jewish Dimension -- 1. The Alien Fermenting Ingredient and the Mountainous Shadow -- 2. The Pioneer and the Usurper -- 3. Test Case and Touchstone -- 4. The Encounter between Jew and Gentile in Modern Society -- 5. "The Social Question is the Jewish Question" -- 6. The Road to Auschwitz-Racism -- 7. The Encounter with Revolution -- PART V. Russia-Holy, Profaned and Predestines -- 1. Russia-Holy Profaned and Predestined -- 2. The Birth of a Revolutionary Ideology -- Belinsky and Herzen -- 3. Loosening the Spiritual Arcana Imperii -- 4. The Antinomies -- 5. A Russian Version of Totalitarian Democracy -- 6. When "Consistency Reaches the Point of Monstrosity" -- PART 6. Lenin-International Revolutionary and Architect of New Russia -- 1. The Formative Years -- 2. War and Revolution -- PART 7. The General Will of the Global Proletariat-Universal Totalitarian Democracy -- Part 8. From Georges Sorel to Benito Mussolini-- 1. The Legacy of Georges Sorrel -- Marxism, Violence, Fascism-- 2. Mussolini and the Fascists Denouement -- Part 9. The German Revolution of 1918 and Hitler in the Wings -- 1. The Dilemmas of the German Revolution of 1918 -- 2. Hitler in the Wings. 
650 0 |a Nationalism and socialism  |x History. 
650 0 |a Revolutions and socialism  |x History. 
650 1 |a DCD, 320.5'31(2) 
650 6 |a Nationalisme et socialisme  |x Histoire. 
650 6 |a Révolutions et socialisme  |x Histoire. 
650 7 |a Nationalism and socialism  |2 fast 
650 7 |a Revolutions and socialism  |2 fast 
650 7 |a Nationalism and socialism  |x History  |2 nli 
650 7 |a Revolutions and socialism  |x History  |2 nli 
653 0 |a Geschichte  |a 1880-1914 
655 7 |a History  |2 fast 
856 4 1 |3 Table of contents  |u http://digitool.hbz-nrw.de:1801/webclient/DeliveryManager?pid=2601229&custom_att_2=simple_viewer  |t 0 
938 |a Baker & Taylor  |b BKTY  |c 50.00  |d 50.00  |i 0520044495  |n 0000189205  |s active 
938 |a Brodart  |b BROD  |n 32422458  |c $50.00 
938 |a Baker and Taylor  |b BTCP  |n 80006167 //r903 
938 |a YBP Library Services  |b YANK  |n 446497 
948 |h HELD BY TXA - 513 OTHER HOLDINGS 
994 |a Z0  |b TXA 
999 f f |s ca31c1bb-86eb-32a8-ab75-ed7909a882ff  |i b39d6ff7-f1d6-34d8-8fcb-bdf8c615599a  |t 0 
952 f f |p ric  |a Texas A&M University  |b Rellis Campus  |c Joint Library Facility  |s JLF  |d Remote Storage  |t 0  |e HX550.N3 T35 1981  |h Library of Congress classification  |i unmediated -- volume  |m A14806148471